Statystyki dla Skoczkowie, którzy stanęli na podium w sezonie 2004/2005

Kliknij tutaj aby rozwiązać quiz!

Ogólne statystyki

  • Ten quiz został rozwiązany 21 razy
  • Średni wynik to 11 z 18

Statystyki odpowiedzi

Liczba
podiów
Skoczek/zawodnik% Poprawnych
9Adam Małysz
100%
15Janne Ahonen
88%
3Bjørn Einar Romøren
82%
8Thomas Morgenstern
82%
9Jakub Janda
76%
1Sigurd Pettersen
71%
5Martin Höllwarth
65%
6Matti Hautamäki
65%
10Roar Ljøkelsøy
65%
1Andreas Küttel
59%
6Andreas Widhölzl
59%
2Michael Uhrmann
59%
2Georg Späth
47%
1Daiki Ito
41%
1Kazuyoshi Funaki
41%
4Risto Jussilainen
41%
1Alexander Herr
35%
1Lars Bystøl
29%

Rozkład punktacji

Percentyl według liczby udzielonych odpowiedzi

Procent ludzi z każdym wynikiem

Twoja historia wyników

Nie rozwiązałeś tego quizu